000 00937cam a22002651 4500
001 15087
003 BD-RjUL
005 20211208235740.0
008 140209s1962 xx 000 0 eng
035 _a(BD-RjUL)15141
035 _a(OCoLC)1077108
040 _aDLC
_cOU
_dDLC
_beng
041 _aeng
082 _a607.2
_bTEC 1962
100 1 _aBright, James Rieser,
_946962
245 1 0 _aTechnological planning on the corporate level :
_bproceedings of a conference /
_csponsored by the Associates if the Harvard Business School, September 8 and 9, 1961.
260 _aBoston :
_bHarvard University, Graduate School of Business Administration,
_c1962.
300 _a253 p. :
_bdiagrs., tables. ;
_c21 cm.
650 0 _aTechnological innovations.
_946963
650 0 _aResearch, Industrial.
_946964
710 2 _aAssociates of the Harvard Business School.
_946965
942 _2ddc
_cBK
999 _c15087
_d15087